| 000 | 00571cam a2200145 4500500 | ||
|---|---|---|---|
| 005 | 20260329015953.0 | ||
| 041 | _afre | ||
| 042 | _adc | ||
| 100 | 1 | 0 |
_aBronowski, Ada _eauthor |
| 245 | 0 | 0 | _aFrédérique Ildefonse, Le Multiple dans l’âme. Sur l’intériorité comme problème, Paris, Vrin, 2022, 881 p. |
| 260 | _c2025. | ||
| 500 | _a3 | ||
| 786 | 0 | _nRevue de métaphysique et de morale | - | 4 | 2025-11-13 | p. 622-624 | 0035-1571 | |
| 856 | 4 | 1 | _uhttps://shs.cairn.info/revue-revue-de-metaphysique-et-de-morale-2025-4-page-622?lang=fr&redirect-ssocas=7080 |
| 999 |
_c1902700 _d1902700 |
||